BIBLIOTECA

SENCICO

Diferencias de nivel en fotografía aérea / (Registro nro. 502)

Detalles MARC
000 -LEADER
fixed length control field 01115nam a2200241Ia 4500
003 - CONTROL NUMBER IDENTIFIER
control field PE SENCICO BE
005 - DATE AND TIME OF LATEST TRANSACTION
control field 20251020182439.0
008 - FIXED-LENGTH DATA ELEMENTS--GENERAL INFORMATION
fixed length control field 200515s9999 xx 000 0 und d
040 ## - CATALOGING SOURCE
Original cataloging agency PE SENCICO BE
Transcribing agency PE SENCICO BE
041 ## - LANGUAGE CODE
Language code of text/sound track or separate title spa
082 ## - DEWEY DECIMAL CLASSIFICATION NUMBER
Classification number 526.982
Item number F64
100 1# - MAIN ENTRY--PERSONAL NAME
Personal name Florence Morella, Antonio
9 (RLIN) 3270
Relator term autor
245 10 - TITLE STATEMENT
Title Diferencias de nivel en fotografía aérea /
Statement of responsibility, etc. Antonio Florence Morella
260 ## - PUBLICATION, DISTRIBUTION, ETC.
Place of publication, distribution, etc. Madrid :
Name of publisher, distributor, etc. Servicio Geográfico del Ejército ;
Date of publication, distribution, etc. 1972
300 ## - PHYSICAL DESCRIPTION
Extent 77 páginas :
Other physical details ilustraciones, tablas, gráficos ;
Dimensions 30 cm.
490 ## - SERIES STATEMENT
Series statement Cuadernos de fotointerpretación ;
Volume/sequential designation No. 5
505 0# - FORMATTED CONTENTS NOTE
Formatted contents note Paralaje -- Cálculo de diferencias de altitud -- Determinación de datos para el cálculo de diferencias de nivel -- Visión estereoscópica y medida de paralaje -- Errores -- Instrumentos de medida -- Casos prácticos
650 10 - SUBJECT ADDED ENTRY--TOPICAL TERM
Topical term or geographic name entry element Fotogrametría
9 (RLIN) 120
650 20 - SUBJECT ADDED ENTRY--TOPICAL TERM
Topical term or geographic name entry element Fotogrametría aérea
9 (RLIN) 414
650 20 - SUBJECT ADDED ENTRY--TOPICAL TERM
Topical term or geographic name entry element Fotografía aérea en geología
9 (RLIN) 3268
710 1# - ADDED ENTRY--CORPORATE NAME
9 (RLIN) 3271
Corporate name or jurisdiction name as entry element Escuela de Geodesía y Topografía del Ejército [España].
Subordinate unit Servicio Geográfico del Ejército
942 ## - ADDED ENTRY ELEMENTS (KOHA)
Koha item type Libros
Source of classification or shelving scheme Dewey Decimal Classification
Existencias
Fecha de la última vez que lo usaron Número de ingreso o de inventario Pago total Signatura topográfica completa Código de barras Precio efectivo desde Tipo de documento Estado perdido Sistema de clasificación Estado dañado No es para préstamo Retirado Ubicación permanente Ubicación actual Fecha de adquisición
15/05/2020 11576   526.982/F64 BibLima25080024 15/05/2020 Libros   Dewey Decimal Classification       Biblioteca Central Lima Biblioteca Central Lima 15/05/2020